| 000 | 01224nam0a22003011 4500 | ||
|---|---|---|---|
| 001 | RU\NLR\INFOCOMM_253\5000013020 | ||
| 005 | 20250613092912.0 | ||
| 035 | _a(NLR Aleph) 009186018 | ||
| 090 |
_a8601180 _c8601180 |
||
| 100 | _a20100323d1966 |||y0rusy50 ca | ||
| 101 | 0 | _aeng | |
| 102 | _aRU | ||
| 105 | _ay ||||000|y | ||
| 200 | 1 |
_aThe processes of national consolidation in the countries of Southern and South-Eastern Asia _fN. N. Cheboksarov _gVI World congress of sociology. Evian, Sept. 1966 _gInst. of ethnography. Acad. of sciences of the USSR |
|
| 210 |
_aМ. _cNauka _d1966 |
||
| 215 |
_a12 с. _d21 см |
||
| 309 | _aОтпеч. множит. аппаратом | ||
| 606 |
_aНациональная консолидация _yАзия, юго-восточная _2nlr_sh1 |
||
| 606 |
_aНациональная консолидация _yАзия, южная _2nlr_sh1 |
||
| 686 |
_aИ10-570 _2rubbk |
||
| 700 | 1 |
_9z01790 _aČeboksarov _bN. N. _f1907- _gNikolaj Nikolaevič _4070 |
|
| 712 | 1 | 2 |
_aWorld congress of sociology _d6 _eEvian _f1966 _4570 |
| 790 | 1 |
_9z01700 _aCheboksarov _bN. N. _4070 |
|
| 801 | 1 |
_aRU _bNLR _c20100323 |
|
| 801 | 0 |
_aRU _bNLR _gPSBO |
|
| 852 |
_aNLR _jГ01 Г-4/153 |
||
| 942 | _cBOOK | ||
| 980 | _aNB | ||